| 000 | 00812nam a2200217 a 4500 | ||
|---|---|---|---|
| 003 | 0 | ||
| 005 | 20250324084527.0 | ||
| 008 | 060801s19uu xx 00 eng d | ||
| 050 |
_aPGS BF 723.S3.C67 _b.G184 2006 |
||
| 100 | _aGamab, Ayn Louise C. | ||
| 245 |
_aCoping mechanisms of grade 6 students on perceived self-image issues / _cAyn Louise C. Gamab. |
||
| 260 |
_aLas PiƱas City, Philippines : _bSouthville International School and Colleges, _c2006. |
||
| 300 |
_a42 pages : _billustrations ; _c28 cm. |
||
| 504 | _aIncludes bibliographical references. | ||
| 650 | _aSelf-perception in children. | ||
| 650 | _aSelf-esteem in children. | ||
| 650 | _aBody image in children. | ||
| 650 | _aAdjustment (Psychology) in children. | ||
| 650 | _aStress management in children. | ||
| 942 |
_2lcc _cPASS |
||
| 999 |
_c97483 _d97483 |
||